NFL Top 100 (2022) - Statistics

General Stats
  • This quiz has been taken 34 times
  • The average score is 72 of 100
Answer Stats
Hint Answer % Correct
8 (Chiefs) (QB) Patrick Mahomes
100%
1 (Buccaneers) (QB) Tom Brady
100%
2 (Rams) (DT) Aaron Donald
97%
3 (Packers) (QB) Aaron Rodgers
97%
4 (Rams) (WR) Cooper Kupp
97%
12 (Titans) (RB) Derrick Henry
97%
15 (Dolphins) (WR) Tyreek Hill
97%
71 (Eagles) (C) Jason Kelce
93%
88 (Commanders) (DE) Jonathan Allen
93%
13 (Bills) (QB) Josh Allen
93%
35 (Chargers) (WR) Keenan Allen
93%
10 (Chiefs) (TE) Travis Kelce
93%
62 (Raiders) (DE) Chandler Jones
90%
39 (Chiefs) (DT) Chris Jones
90%
7 (Raiders) (WR) Davante Adams
90%
22 (49ers) (TE) George Kittle
90%
9 (Rams) (CB) Jalen Ramsey
90%
24 (Bengals) (WR) Ja'Marr Chase
90%
20 (Chargers) (CB) J.C. Jackson
90%
21 (Bengals) (QB) Joe Burrow
90%
5 (Colts) (RB) Jonathan Taylor
90%
40 (Chargers) (QB) Justin Herbert
90%
36 (Ravens) (QB) Lamar Jackson
90%
97 (Giants) (DE) Leonard Williams
90%
85 (Patriots) (QB) Mac Jones
90%
72 (Seahawks) (S) Quandre Diggs
90%
26 (Bills) (WR) Stefon Diggs
90%
14 (49ers) (OT) Trent Williams
90%
23 (Cowboys) (CB) Trevon Diggs
90%
19 (49ers) (WR) Deebo Samuel
86%
30 (Chargers) (LB) Joey Bosa
86%
17 (Vikings) (WR) Justin Jefferson
86%
99 (Vikings) (QB) Kirk Cousins
86%
27 (Rams) (QB) Matthew Stafford
86%
16 (Cowboys) (LB) Micah Parsons
86%
25 (49ers) (DE) Nick Bosa
86%
33 (Browns) (RB) Nick Chubb
86%
6 (Steelers) (LB) T.J. Watt
86%
51 (Saints) (RB) Alvin Kamara
83%
44 (Cowboys) (QB) Dak Prescott
83%
32 (Ravens) (TE) Mark Andrews
83%
53 (Buccaneers) (WR) Mike Evans
83%
11 (Browns) (DE) Myles Garrett
83%
77 (Eagles) (CB) Darius Slay
79%
37 (Cardinals) (WR) DeAndre Hopkins
79%
38 (Bengals) (RB) Joe Mixon
79%
84 (Bears) (LB) Roquan Smith
79%
92 (Cowboys) (OT) Tyron Smith
79%
95 (Cowboys) (WR) CeeDee Lamb
76%
31 (Vikings) (RB) Dalvin Cook
76%
65 (Raiders) (QB) Derek Carr
76%
91 (Falcons) (TE) Kyle Pitts
76%
61 (Broncos) (QB) Russell Wilson
76%
68 (Cowboys) (OG) Zack Martin
76%
46 (Chargers) (RB) Austin Ekeler
72%
47 (49ers) (LB) Fred Warner
72%
63 (Dolphins) (WR) Jaylen Waddle
72%
94 (Ravens) (K) Justin Tucker
72%
59 (Raiders) (DE) Maxx Crosby
72%
67 (Cardinals) (S) Budda Baker
69%
43 (Chargers) (S) Derwin James
69%
28 (Colts) (OG) Quenton Nelson
69%
41 (Buccaneers) (OT) Tristan Wirfs
69%
42 (Steelers) (DE) Cameron Heyward
66%
66 (Colts) (DT) DeForest Buckner
66%
87 (Browns) (CB) Denzel Ward
66%
80 (Cardinals) (RB) James Conner
66%
96 (49ers) (DB) Jimmie Ward
66%
78 (Bengals) (DE) Trey Hendrickson
66%
98 (Bears) (RB) David Montgomery
62%
54 (Titans) (DT) Jeffery Simmons
62%
81 (Broncos) (S) Justin Simmons
62%
89 (Saints) (CB) Marshon Lattimore
62%
75 (Buccaneers) (S) Antoine Winfield Jr.
59%
69 (Saints) (DE) Cameron Jordan
59%
58 (Raiders) (TE) Darren Waller
59%
64 (Buccaneers) (LB) Devin White
59%
52 (Patriots) (LB) Matthew Judon
59%
29 (Rams) (LB) Bobby Wagner
55%
76 (Panthers) (DE) Brian Burns
55%
74 (Saints) (LB) Demario Davis
55%
45 (Bills) (S) Jordan Poyer
55%
50 (Bills) (S) Micah Hyde
52%
70 (Saints) (S) Tyrann Mathieu
52%
93 (Bills) (LB) Von Miller
52%
34 (Titans) (S) Kevin Byard
48%
18 (Colts) (LB) Shaquille Leonard
48%
56 (Dolphins) (CB) Xavien Howard
48%
100 (49ers) (FB) Kyle Juszczyk
45%
90 (Rams) (WR) Odell Beckham Jr.
45%
55 (Browns) (OG) Joel Bitonio
41%
73 (Falcons) (RB) Cordarrelle Patterson
38%
79 (Chargers) (OT) Rashawn Slater
38%
60 (Chargers) (C) Corey Linsley
31%
49 (Packers) (LB) De'Vondre Campbell
28%
86 (Buccaneers) (LB) Shaquil Barrett
28%
82 (Colts) (CB) Kenny Moore
24%
83 (Browns) (OG) Wyatt Teller
24%
48 (Bears) (DE) Robert Quinn
14%
57 (Cardinals) (QB) Kyler Murrary
3%
No matching quizzes found
Score Distribution
Percent of People with Each Score
Percentile by Number Answered
Your Score History
You have not taken this quiz